<?xml version="1.0" encoding="UTF-8"?>
<marc:record xmlns:marc="http://www.loc.gov/MARC21/slim">
   <marc:leader>00000nam a2200000 a 4500</marc:leader>
   <marc:datafield ind1="1" ind2=" " tag="100">
      <marc:subfield code="a">Reeve, Philip</marc:subfield>
      <marc:subfield code="4">aut</marc:subfield>
      <marc:subfield code="e">Verfasser/-in</marc:subfield>
   </marc:datafield>
   <marc:datafield ind1=" " ind2=" " tag="653">
      <marc:subfield code="a">Taschenbuch</marc:subfield>
   </marc:datafield>
   <marc:datafield ind1=" " ind2=" " tag="653">
      <marc:subfield code="a">Utopie</marc:subfield>
   </marc:datafield>
   <marc:datafield ind1=" " ind2=" " tag="653">
      <marc:subfield code="a">Autor &lt;England&gt;</marc:subfield>
   </marc:datafield>
   <marc:datafield ind1="0" ind2="0" tag="245">
      <marc:subfield code="a">Mortal Engines - Der Grüne Sturm</marc:subfield>
   </marc:datafield>
   <marc:datafield ind1="0" ind2="0" tag="245">
      <marc:subfield code="b">Roman</marc:subfield>
   </marc:datafield>
   <marc:datafield ind1=" " ind2="1" tag="264">
      <marc:subfield code="b">FISCHER Tor</marc:subfield>
      <marc:subfield code="c">2019</marc:subfield>
   </marc:datafield>
   <marc:datafield ind1="1" ind2=" " tag="490">
      <marc:subfield code="a">Mortal Engines</marc:subfield>
   </marc:datafield>
   <marc:datafield ind1="1" ind2=" " tag="520">
      <marc:subfield code="a">Die Motoren von Anchorage stehen schon seit langem still, und Wren wünscht sich nichts sehnlicher, als ihre Heimat zu verlassen und endlich einmal ein Abenteuer zu erleben. Die Geschichten ihrer Eltern Tom und Hester kennt sie auswendig – und wartet dort draußen nicht eine Welt voller Wunder und Gefahren darauf, von ihr entdeckt zu werden? Als ein mysteriöser U-Boot-Pirat auftaucht und verspricht, sie mitzunehmen, zögert sie deshalb nicht lang … ohne zu ahnen, dass ihr Weg sie mitten in einen gewaltigen Krieg zwischen den Traktionsstädten und dem Grünen Sturm führen wird.
</marc:subfield>
   </marc:datafield>
   <marc:datafield ind1=" " ind2=" " tag="020">
      <marc:subfield code="a">9783596702145</marc:subfield>
      <marc:subfield code="9">9783596702145</marc:subfield>
   </marc:datafield>
</marc:record>
